Представление документа в формате RUSMARC

ПолеНазваниеЗначение
  Тип записи a
  Библиографический уровень m
001 Контрольный номер bc755fc5991d413da2a952a503b43a84
005 Дата корректировки 20201206205156.5
010 Индекс ISBN __
a ISBN 978-5-17-074715-3 (в пер.)
d Цена 475-69, 3000 экз.
100 Данные общей обработки __
a Данные общей обработки 19201902d2018||||||| 0rusy0189 ca
101 Язык документа 0_
a Язык текста rus
102 Страна публикации __
a Страна публикации ru
102 Страна публикации __
a Страна публикации RU
105 Кодированные данные (монография) __
a Кодированные данные (монография) #|||||||000zy
200 Заглавие и сведения об ответственности 1_
a Заглавие Женщины Лазаря
e Сведения, относящиеся к заглавию роман
f Первые сведения об ответственности Марина Степнова
b Общее обозначение материала Текст
210 Выходные данные __
a Место издания Москва
c Издательство АСТ
c Издательство Редакция Елены Шубиной
d Дата издания 2018
215 Физическое описание __
a Объем 444, [1] с.
d Формат 21 см
225 Серия __
a Серия Проза Марины Степновой
300 Общие примечания __
a Общие примечания Премия "Большая книга"
300 Общие примечания __
a Общие примечания Содержит нецензурную брань
330 Аннотация __
a Аннотация Новый роман "Женщины Лазаря" - необычная семейная сага от начала века до наших дней. Это роман о большой ЛЮБВИ и большой НЕЛЮБВИ. Лазарь Линдт, гениальный ученый и большой ребенок, "беззаконная комета в кругу расчисленных светил", - центр инфернальных личных историй трех незаурядных женщин. Бездетную Марусю, жену его старшего друга, смешной юноша, гений-самоучка, возникший на пороге ее дома в 1918 году, полюбит совсем не сыновней любовью, но это останется его тайной. Уже после войны в закрытом городе N светило советской науки влюбится по уши в молоденькую Галину и буквально украдет в "другую жизнь", но… заслужит только нешуточную ненависть. Третья "женщина Лазаря" внучка-сирота Лидочка унаследует его гениальную натуру, но мечтает только об одном - обрести свой, невоображаемый дом, полный тепла и скрипа настоящих половиц. Марусин дом.
333 Примечание о целевом назначении __
a Примечание о целевом назначении 18+. Запрещено для детей
606 Тематические рубрики __
a Основная рубрика Художественная литература
606 Тематические рубрики __
a Основная рубрика Современная русская литература (произведения)
610 Ключевые слова __
a Ключевые слова Большая книга (премия)
610 Ключевые слова __
a Ключевые слова женская проза
610 Ключевые слова __
a Ключевые слова книги-лауреаты
610 Ключевые слова __
a Ключевые слова романы
610 Ключевые слова __
a Ключевые слова тема взаимоотношений
610 Ключевые слова __
a Ключевые слова тема евреев
610 Ключевые слова __
a Ключевые слова тема любви
610 Ключевые слова __
a Ключевые слова тема семьи
610 Ключевые слова __
a Ключевые слова семейные саги
686 Индексы других классификаций __
2 Код системы rubbks
a Классификационный индекс 84(2=411.2)6-4; ст84(2=411.2)6-4
700 Автор _1
a Фамилия Степнова
b Имя М. Л.
f Даты 1971-
g Полное личное имя Марина Львовна
4 Код отношения 070
801 Источник записи _0
a Страна ru
b Организация Муниципальное бюджетное учреждение культуры "Централизованная библиотечная система" г. Сургут (Центральная городская библиотека им. А. С. Пушкина)
c Дата составления 20201902
g Правила каталогизации PSBO
801 Источник записи _1
a Страна ru
b Организация Муниципальное бюджетное учреждение культуры "Централизованная библиотечная система" г. Сургут (Центральная городская библиотека им. А. С. Пушкина)
c Дата составления 20201902
g Правила каталогизации PSBO
852 Данные о местонахождении __
j Шифр хранения 84(2=411.2)6-4
i Авторский знак С 79
901 Тип документа __
t Тип документа m
a Ответственный ООФиК/Трушникова
903 Характеристики (МАРС) __
a Дата передачи 20190208
990 Данные о заказе (DOS) __
j Количество экземпляров (DOS) 1
t N записи в КСУ для И/У (DOS) 201902